Instruktorský slabikář - Praktická učebnice zážitkové pedagogiky : metodická příručka pro všechny, kdo organizují kurzy zážitkové pedagogiky editovali: Radek Hanuš & Jana Haková ; zpracovali: Jana Haková, Milan Hanuš, Mirek Hanuš, Radek Hanuš, Martin Klusáček, Aleš Pokorný
Record details
- ISBN: 978-80-270-9208-6
- Physical Description: 372 stran : ilustrace ; 19 x 23 cm
- Edition: První vydání
- Publisher: Praha : Nadace Pangea, 2021
Search for related items by subject
| Subject: | Prázdninová škola Lipnice (sdružení) zájmová sdružení > Česko > 20.-21. století zážitková pedagogika mimoškolní vzdělávání vzdělávání dospělých |
| Genre: | metodické příručky |
Available copies
- 2 of 2 copies available at Common Catalog SPOK.
Holds
- 0 current holds with 2 total copies.
Show All Copies
| Location | Call Number / Copy Notes | Barcode | Shelving Location | Status | Due Date |
|---|---|---|---|---|---|
| Jabok Library | Ped-9.2 /H | 424480043801 | Odborná literatura | Available | - |
| Jabok Library | Ped-9.2 /H | 424480043960 | Odborná literatura | Available | - |
| LDR | 02102nam a2200493 i 4500 | ||
|---|---|---|---|
| 001 | 48591 | ||
| 003 | CZ-PrJAB | ||
| 005 | 20210713060306.0 | ||
| 007 | ta | ||
| 008 | 210617s2021 xr a e 000 0 cze d | ||
| 020 | . | ‡a978-80-270-9208-6 ‡q(brožováno) : ‡cKč 398.00 | |
| 035 | . | ‡a(CZ PrSKC)1336270 | |
| 040 | . | ‡aKLG001 ‡bcze ‡erda | |
| 043 | . | ‡ae-xr--- | |
| 045 | . | ‡ax-y- | |
| 072 | 7. | ‡a374 ‡xVýchova a vzdělávání dospělých. Mimoškolní výchova a vzdělávání ‡2Konspekt ‡922 | |
| 080 | . | ‡a061.23 ‡2MRF | |
| 080 | . | ‡a37.01:159.923.35 ‡2MRF | |
| 080 | . | ‡a374 ‡2MRF | |
| 080 | . | ‡a374.7 ‡2MRF | |
| 080 | . | ‡a(072) ‡2MRF | |
| 100 | 1 | . | ‡aHaková, Jana, ‡d1976- ‡7mzk2012678589 ‡4aut |
| 245 | 1 | 0. | ‡aInstruktorský slabikář - Praktická učebnice zážitkové pedagogiky : ‡bmetodická příručka pro všechny, kdo organizují kurzy zážitkové pedagogiky ‡ceditovali: Radek Hanuš & Jana Haková ; zpracovali: Jana Haková, Milan Hanuš, Mirek Hanuš, Radek Hanuš, Martin Klusáček, Aleš Pokorný |
| 246 | 3 | 0. | ‡aPraktická učebnice zážitkové pedagogiky |
| 250 | . | ‡aPrvní vydání | |
| 264 | 1. | ‡aPraha : ‡bNadace Pangea, ‡c2021 | |
| 300 | . | ‡a372 stran : ‡bilustrace ; ‡c19 x 23 cm | |
| 336 | . | ‡atext ‡btxt ‡2rdacontent | |
| 337 | . | ‡abez média ‡bn ‡2rdamedia | |
| 338 | . | ‡asvazek ‡bnc ‡2rdacarrier | |
| 610 | 2 | 7. | ‡aPrázdninová škola Lipnice (sdružení) ‡7kn20070326010 ‡2czenas |
| 648 | 7. | ‡a20.-21. století ‡7ch462155 ‡2czenas | |
| 650 | 0 | 7. | ‡azájmová sdružení ‡7ph125280 ‡zČesko ‡y20.-21. století ‡2czenas |
| 650 | 0 | 7. | ‡azážitková pedagogika ‡7ph446678 ‡2czenas |
| 650 | 0 | 7. | ‡amimoškolní vzdělávání ‡7ph122883 ‡2czenas |
| 650 | 0 | 7. | ‡avzdělávání dospělých ‡7ph162891 ‡2czenas |
| 655 | 7. | ‡ametodické příručky ‡7fd132826 ‡2czenas | |
| 700 | 1 | . | ‡aHanuš, Milan, ‡d1963 prosinec 18.- ‡7mzk2016934077 ‡4aut |
| 700 | 1 | . | ‡aHanuš, Miroslav, ‡d1969- ‡7mzk2016934091 ‡4aut |
| 700 | 1 | . | ‡aHanuš, Radek, ‡d1969- ‡7xx0018809 ‡4aut |
| 700 | 1 | . | ‡aKlusáček, Martin, ‡d1956- ‡7xx0261631 ‡4aut |
| 700 | 1 | . | ‡aPokorný, Aleš, ‡d1972- ‡7jo2016934443 ‡4aut |
| 995 | . | ‡aska | |
| 910 | . | ‡aABG312 | |
| 901 | . | ‡a48591 ‡bCZ PrSKC ‡c48591 ‡tbiblio | |